| Tag |
First Indicator |
Second Indicator |
Subfields |
| LEADER |
00000cam a2200000 a 4500 |
| 001 |
in00000006147 |
| 007 |
he bmb024bbca |
| 008 |
990823s1998 dcuab bb f000 0 eng c |
| 005 |
20230331144433.0 |
| 010 |
|
|
|a 98226076
|
| 035 |
|
|
|a (OCoLC)ocm42822528
|
| 035 |
|
|
|9 AJK1358AM
|
| 035 |
|
|
|a in00000006147
|
| 037 |
|
|
|a 161430
|b GAO (202) 512-6000 (Voice); (202) 512-6061 (Fax)
|f paper copy
|
| 040 |
|
|
|a UPM
|c UPM
|d OCL
|d SPI
|d GPO
|d DLC
|d MvI
|d UtOrBLW
|
| 042 |
|
|
|a pcc
|
| 043 |
|
|
|a n-us---
|
| 049 |
|
|
|a UMIC
|
| 050 |
0 |
0 |
|a GV191.4
|b .U544 1998
|
| 074 |
|
|
|a 0546-D (MF)
|
| 074 |
|
|
|a 0546-D (online)
|
| 086 |
0 |
|
|a GA 1.13:RCED-99-7
|
| 088 |
|
|
|a GAO/RCED-99-7
|
| 088 |
|
|
|a B-280840
|
| 110 |
1 |
|
|a United States.
|b General Accounting Office.
|
| 245 |
1 |
0 |
|a Recreation fees :
|b demonstration fee program successful in raising revenues but could be improved : report to congressional requesters /
|c United States General Accounting Office.
|
| 246 |
3 |
0 |
|a Demonstration fee program successful in raising revenues but could be improved
|
| 246 |
1 |
7 |
|a Recreational fees
|
| 264 |
|
1 |
|a Washington, D.C. :
|b The Office,
|c [1998]
|
| 300 |
|
|
|a 116 pages :
|b illustrations, maps ;
|c 28 cm.
|
| 336 |
|
|
|a text
|b txt
|2 rdacontent
|
| 337 |
|
|
|a microform
|b h
|2 rdamedia
|
| 338 |
|
|
|a microfiche
|b he
|2 rdacarrier
|
| 500 |
|
|
|a Cover title.
|
| 500 |
|
|
|a "November 1998."
|
| 500 |
|
|
|a Shipping list number: 99-0717-M.
|
| 500 |
|
|
|a Shipping List Date: 07/26/99
|
| 504 |
|
|
|a Includes bibliographical references.
|
| 500 |
|
|
|a "GAO/RCED-99-7."
|
| 500 |
|
|
|a "B-280840"--P. [1].
|
| 533 |
|
|
|a Microfiche.
|b [Washington, D.C.] :
|c U.S. General Accounting Office,
|d [1999]
|e 2 microfiches : negative.
|
| 530 |
|
|
|a Also available via Internet from the GPO Access Web site. Address as of 4-16-01: http://frwebgate.access.gpo.gov/cgi-bin/getdoc.cgi?dbname=gao&docid=f:rc99007.pdf; current access is available via PURL.
|
| 500 |
|
|
|a Microform.
|
| 650 |
|
0 |
|a Recreation areas
|z United States
|x Finance.
|
| 650 |
|
0 |
|a National parks and reserves
|x Fees
|z United States.
|
| 856 |
4 |
1 |
|u https://purl.fdlp.gov/GPO/LPS11097
|z Adobe Acrobat Reader required
|t 0
|
| 999 |
|
|
|a MARS
|
| 999 |
f |
f |
|i ba2a5e1e-8b5c-3ae1-aa57-15986d81f690
|s 3009e513-8803-33a8-aae3-b90c380d01e8
|t 0
|
| 952 |
f |
f |
|p normal
|a Texas A&M University
|b College Station
|c Sterling C. Evans Library
|d Evans: US Documents Microfiche (3rd floor)
|t 0
|e GA 1.13:RCED-99-7
|h Superintendent of Documents classification
|i microform -- microfiche
|m A14829370322
|
| 952 |
f |
f |
|a Texas A&M University
|b College Station
|c Electronic Resources
|d Available Online
|t 0
|e GA 1.13:RCED-99-7
|h Superintendent of Documents classification
|
| 998 |
f |
f |
|a GA 1.13:RCED-99-7
|t 0
|l Available Online
|
| 998 |
f |
f |
|a GA 1.13:RCED-99-7
|t 0
|l Evans: US Documents Microfiche (3rd floor)
|